'F·R·I·E·N·D·S'... and Family Quiz Stats

 Plays Quiz Updated Jul 17, 2017

Score 0/15 Timer 04:00
21 Plays Today
% Correct
Lisa Kudrow
(in Mad About You)
92.9%
Giovanni Ribisi
(in Avatar)
89.1%
Ron Leibman
(in Kaz)
87.4%
Robert Costanzo
(in Total Recall)
87.3%
Reese Witherspoon
(in Election)
85.6%
Elliott Gould
(in MASH)
84%
Morgan Fairchild
(in Falcon Crest)
82.8%
Bob Balaban
(in Best In Show)
80.2%
% Correct
Christina Pickles
(in St. Elsewhere)
79.9%
Teri Garr
(in Young Frankenstein)
73.2%
Drea De Matteo
(in The Sopranos)
70.7%
Marlo Thomas
(in That Girl)
68.1%
Kathleen Turner
(in Romancing the Stone)
66.5%
Christina Applegate
(in Married...
With Children)
63.8%
Brenda Vaccaro
(in Midnight Cowboy)
61.7%

You're not logged in!

Compare scores with friends on all Sporcle quizzes.
OR
Log In

Show Comments

Extras

Top Quizzes Today


Score Distribution

Your Account Isn't Verified!

In order to create a playlist on Sporcle, you need to verify the email address you used during registration. Go to your Sporcle Settings to finish the process.

Report this User

Report this user for behavior that violates our Community Guidelines.

Details: